000 00661nam a2200253Ia 4500
003 OSt
005 20220918223618.0
006 a|||||r|||| 00| 0
007 ta
008 220917b |||||||| |||| 00| 0 eng d
024 _a224,139
037 _cTextual
040 _aARTS
_cARTS
_beng
041 _2eng
_aeng
082 _aP,7, P4
100 _aBhatia Vijay K.
_918839
245 0 _aWorlds of written discourse
260 _aNew York
_bContinuum
_c2004
300 _axvii,228p.
_ccm.
490 _aAdvances in applied linguistics
650 _aLINGUISTICS
942 _hP,7, P4
_cTEXL
_2CC
999 _c278953
_d278953